000 00763cam a22002533a 4500
001 19231
003 PGUSA
005 20140828083416.0
008 060910s2006||||xxu|||||s|||||000 1 eng d
040 _aPGUSA
_beng
042 _adc
050 4 _aPR
100 1 _aGriffith, George Chetwynd,
_d1857-1906
245 1 4 _aThe Mummy and Miss Nitocris :
_bA Phantasy of the Fourth Dimension
_h[electronic resource] /
_cGeorge Chetwynd Griffith
260 _bProject Gutenberg,
_c2006
506 _aPublic domain in the USA.
516 _aElectronic text
653 _aFantasy fiction
653 _aMummies -- Fiction
653 _aSupernatural -- Fiction
830 0 _aProject Gutenberg
_v19231
856 4 0 _uhttp://www.gutenberg.org/ebooks/19231
942 _cEB
999 _c248486
_d248486